000 00776 a2200181 4500
999 _c9455
_d9455
020 _a9789041161611 (paperback)
050 0 0 _aKTL3431 DUP 2015
100 1 _aDu Plessis, Willemien,
_d1958-
_eauthor.
245 1 0 _aEnergy law in South Africa /
_cWillemien du Plessis.
264 1 _aAlphen aan den Rijn, The Netherlands :
_bKluwer Law International,
_c[2015]
300 _a203 pages ;
500 _a"This book was originally published as a monograph in the International Encyclopaedia of Laws/Energy Law."
504 _aIncludes bibliographical references (pages 189-198) and index.
650 0 _aPower resources
_xLaw and legislation
650 0 _aEnergy conservation
_xLaw and legislation
650 0 _aEnergy industries
_xLaw and legislation
942 _2lcc
_cBK
_h3431
_iDUP
_kKTL